000 00307nam a22001457a 4500
020 _a978-93-5316-636-6
041 _aENG
100 _aSingh R
245 _aIndian Economy
250 _a11 th
260 _aNew delhi
_bMc Graw Hill
_c2019
300 _aG35
650 _aUPSC
856 _uCompetitive Exam
999 _c205
_d205